[Event "2023 National K-12 Grade Championships"]
[Site "Orlando, Florida, United States"]
[Date "2023.12.17"]
[Round "7.5"]
[White "Kaplan, Avi Harrison"]
[Black "Vinod, Aarush"]
[Result "1-0"]
[TimeControl "G/90;d10"]
[WhiteElo "2306"]
[BlackElo "2210"]

1. Nf3 {[%clk 01:28:59]} {[%emt 00:01:13]} Nf6 {[%clk 01:30:00]} {[%emt
00:00:06]} 2. b3 {[%clk 01:28:59]} {[%emt 00:00:04]} g6 {[%clk 01:26:52]}
{[%emt 00:03:18]} 3. Bb2 {[%clk 01:28:59]} {[%emt 00:00:06]} Bg7 {[%clk
01:26:52]} {[%emt 00:00:04]} 4. g3 {[%clk 01:28:59]} {[%emt 00:00:05]} O-O
{[%clk 01:26:52]} {[%emt 00:00:07]} 5. Bg2 {[%clk 01:28:59]} {[%emt 00:00:03]}
d6 {[%clk 01:26:52]} {[%emt 00:00:08]} 6. d4 {[%clk 01:28:59]} {[%emt
00:00:03]} b5 {[%clk 01:26:52]} {[%emt 00:00:04]} 7. O-O {[%clk 01:28:59]}
{[%emt 00:00:04]} Bb7 {[%clk 01:26:52]} {[%emt 00:00:07]} 8. Qd3 {[%clk
01:28:59]} {[%emt 00:00:04]} a6 {[%clk 01:24:07]} {[%emt 00:02:56]} 9. a4
{[%clk 01:28:36]} {[%emt 00:00:33]} c6 {[%clk 01:20:01]} {[%emt 00:04:15]} 10.
e4 {[%clk 01:24:36]} {[%emt 00:04:10]} Qc7 {[%clk 01:18:21]} {[%emt 00:01:50]}
11. Re1 {[%clk 01:22:34]} {[%emt 00:02:11]} Nbd7 {[%clk 01:15:31]} {[%emt
00:03:01]} 12. Nbd2 {[%clk 01:21:50]} {[%emt 00:00:53]} Rad8 {[%clk 01:07:34]}
{[%emt 00:08:07]} 13. h3 {[%clk 01:15:38]} {[%emt 00:06:22]} Rfe8 {[%clk
01:00:06]} {[%emt 00:07:38]} 14. Qe3 {[%clk 00:45:59]} {[%emt 00:29:48]} c5
{[%clk 00:55:58]} {[%emt 00:04:19]} 15. axb5 {[%clk 00:44:45]} {[%emt
00:01:23]} axb5 {[%clk 00:54:43]} {[%emt 00:01:25]} 16. Bf1 {[%clk 00:43:11]}
{[%emt 00:01:44]} b4 {[%clk 00:40:32]} {[%emt 00:14:22]} 17. Rec1 {[%clk
00:38:27]} {[%emt 00:04:53]} d5 {[%clk 00:28:36]} {[%emt 00:12:04]} 18. e5
{[%clk 00:29:11]} {[%emt 00:09:27]} Ne4 {[%clk 00:28:36]} {[%emt 00:00:03]} 19.
e6 {[%clk 00:26:13]} {[%emt 00:03:09]} fxe6 {[%clk 00:28:28]} {[%emt 00:00:18]}
20. Nxe4 {[%clk 00:24:41]} {[%emt 00:01:42]} dxe4 {[%clk 00:28:28]} {[%emt
00:00:08]} 21. Ng5 {[%clk 00:24:35]} {[%emt 00:00:16]} cxd4 {[%clk 00:25:28]}
{[%emt 00:03:11]} 22. Bxd4 {[%clk 00:23:48]} {[%emt 00:00:55]} Bxd4 {[%clk
00:25:28]} {[%emt 00:00:06]} 23. Qxd4 {[%clk 00:23:48]} {[%emt 00:00:02]} Nc5
{[%clk 00:20:32]} {[%emt 00:05:06]} 24. Qxb4 {[%clk 00:21:26]} {[%emt
00:02:32]} e3 {[%clk 00:20:11]} {[%emt 00:00:31]} 25. Qh4 {[%clk 00:21:26]}
{[%emt 00:00:06]} exf2+ {[%clk 00:19:57]} {[%emt 00:00:25]} 26. Kh2 {[%clk
00:21:06]} {[%emt 00:00:30]} h5 {[%clk 00:19:50]} {[%emt 00:00:17]} 27. Qf4
{[%clk 00:16:30]} {[%emt 00:04:45]} Qxf4 {[%clk 00:19:50]} {[%emt 00:00:05]} 28.
gxf4 {[%clk 00:16:30]} {[%emt 00:00:04]} Rd4 {[%clk 00:18:41]} {[%emt
00:01:20]} 29. Ra5 {[%clk 00:15:55]} {[%emt 00:00:46]} Ne4 {[%clk 00:14:56]}
{[%emt 00:03:54]} 30. Nxe6 {[%clk 00:15:10]} {[%emt 00:00:55]} Rd2 {[%clk
00:14:56]} {[%emt 00:00:02]} 31. Nc5 {[%clk 00:13:48]} {[%emt 00:01:32]} Nxc5
{[%clk 00:12:54]} {[%emt 00:02:12]} 32. Rxc5 {[%clk 00:13:47]} {[%emt
00:00:12]} Be4 {[%clk 00:10:31]} {[%emt 00:02:32]} 33. Rc4 {[%clk 00:11:33]}
{[%emt 00:02:23]} Bd5 {[%clk 00:09:15]} {[%emt 00:01:27]} 34. Rc5 {[%clk
00:11:33]} {[%emt 00:00:03]} e6 {[%clk 00:09:08]} {[%emt 00:00:17]} 35. c4
{[%clk 00:10:32]} {[%emt 00:01:11]} Be4 {[%clk 00:07:46]} {[%emt 00:01:32]} 36.
Re5 {[%clk 00:10:15]} {[%emt 00:00:27]} Bd3 {[%clk 00:07:46]} {[%emt 00:00:04]}
37. Kg2 {[%clk 00:09:35]} {[%emt 00:00:51]} Bxf1+ {[%clk 00:07:21]} {[%emt
00:00:33]} 38. Rxf1 {[%clk 00:09:27]} {[%emt 00:00:18]} Rb8 {[%clk 00:07:19]}
{[%emt 00:00:13]} 39. Rxe6 {[%clk 00:08:29]} {[%emt 00:01:09]} Rxb3 {[%clk
00:07:19]} 40. Rxg6+ {[%clk 00:08:29]} {[%emt 00:00:08]} Kf7 {[%clk 00:07:19]}
{[%emt 00:00:04]} 41. Rg5 {[%clk 00:07:29]} {[%emt 00:01:09]} Rc3 {[%clk
00:06:12]} {[%emt 00:01:18]} 42. c5 {[%clk 00:07:09]} {[%emt 00:00:31]} Rdc2
{[%clk 00:06:12]} {[%emt 00:00:07]} 43. Rxh5 {[%clk 00:06:14]} {[%emt
00:01:04]} Rxc5 {[%clk 00:06:12]} {[%emt 00:00:01]} 44. Rxc5 {[%clk 00:05:55]}
{[%emt 00:00:30]} Rxc5 {[%clk 00:06:12]} 45. Rxf2 {[%clk 00:05:55]} {[%emt
00:00:06]} Kf6 {[%clk 00:06:12]} {[%emt 00:00:01]} 46. Kg3 {[%clk 00:05:48]}
{[%emt 00:00:17]} Rc1 {[%emt 00:00:11]} 47. Ra2 {[%clk 00:05:28]} {[%emt
00:00:28]} Rg1+ {[%clk 00:06:08]} {[%emt 00:00:14]} 48. Kf2 {[%clk 00:05:28]}
{[%emt 00:00:04]} Rb1 {[%clk 00:06:08]} {[%emt 00:00:05]} 49. Kf3 {[%clk
00:05:26]} {[%emt 00:00:10]} Rf1+ {[%clk 00:06:08]} {[%emt 00:00:03]} 50. Rf2
{[%clk 00:05:26]} {[%emt 00:00:03]} Rb1 {[%clk 00:06:08]} {[%emt 00:00:11]} 51.
Rg2 {[%clk 00:05:23]} {[%emt 00:00:12]} Kf5 {[%clk 00:05:53]} {[%emt 00:00:25]}
52. Rg5+ {[%clk 00:05:21]} {[%emt 00:00:12]} Kf6 {[%clk 00:05:53]} {[%emt
00:00:01]} 53. Rc5 {[%clk 00:04:34]} {[%emt 00:00:56]} Rf1+ {[%clk 00:05:53]}
{[%emt 00:00:06]} 54. Kg3 {[%clk 00:04:34]} Rg1+ {[%clk 00:05:53]} {[%emt
00:00:03]} 55. Kf2 {[%clk 00:04:34]} {[%emt 00:00:04]} Rh1 {[%clk 00:05:51]}
{[%emt 00:00:13]} 56. Kg2 {[%clk 00:04:34]} {[%emt 00:00:03]} Rb1 {[%clk
00:05:51]} {[%emt 00:00:02]} 57. Re5 {[%clk 00:04:34]} {[%emt 00:00:05]} Rb4
{[%clk 00:05:47]} {[%emt 00:00:14]} 58. Kf3 {[%clk 00:04:29]} {[%emt 00:00:14]}
Rb1 {[%clk 00:05:47]} {[%emt 00:00:04]} 59. Rg5 {[%clk 00:03:55]} {[%emt
00:00:42]} Rf1+ {[%clk 00:05:47]} {[%emt 00:00:04]} 60. Ke3 {[%clk 00:03:36]}
{[%emt 00:00:29]} Re1+ {[%clk 00:05:47]} {[%emt 00:00:06]} 61. Kf2 {[%clk
00:03:36]} Rh1 {[%clk 00:05:47]} {[%emt 00:00:04]} 62. Rh5 {[%clk 00:03:34]}
{[%emt 00:00:13]} Ra1 {[%clk 00:05:47]} {[%emt 00:00:04]} 63. Kg2 {[%clk
00:03:25]} {[%emt 00:00:17]} Ra4 {[%clk 00:05:47]} {[%emt 00:00:04]} 64. Kg3
{[%clk 00:03:25]} {[%emt 00:00:03]} Ra1 {[%clk 00:05:47]} {[%emt 00:00:03]} 65.
Rh8 {[%clk 00:03:18]} {[%emt 00:00:15]} Rg1+ {[%clk 00:05:47]} {[%emt
00:00:07]} 66. Kf2 {[%emt 00:00:07]} Ra1 {[%clk 00:05:47]} 67. Rf8+ {[%clk
00:03:18]} {[%emt 00:00:04]} Kg7 {[%clk 00:05:47]} {[%emt 00:00:10]} 68. Re8
{[%clk 00:03:12]} {[%emt 00:00:15]} Kf6 {[%clk 00:05:47]} {[%emt 00:00:03]} 69.
Kg3 {[%clk 00:03:01]} {[%emt 00:00:19]} Rg1+ {[%clk 00:05:47]} {[%emt
00:00:05]} 70. Kh4 {[%clk 00:03:01]} {[%emt 00:00:01]} Rf1 {[%clk 00:05:47]}
{[%emt 00:00:04]} 71. Kg4 {[%clk 00:02:35]} {[%emt 00:00:35]} Rg1+ {[%clk
00:05:47]} {[%emt 00:00:04]} 72. Kh5 {[%clk 00:02:35]} {[%emt 00:00:02]} Rb1
{[%clk 00:03:30]} {[%emt 00:02:29]} 73. Rf8+ {[%clk 00:02:33]} {[%emt
00:00:11]} Kg7 {[%clk 00:02:21]} {[%emt 00:01:20]} 74. Rf5 {[%clk 00:02:33]}
{[%emt 00:00:04]} Ra1 {[%clk 00:02:01]} {[%emt 00:00:29]} 75. Rb5 {[%clk
00:02:32]} {[%emt 00:00:11]} Kf6 {[%clk 00:02:01]} {[%emt 00:00:04]} 76. h4
{[%clk 00:02:12]} {[%emt 00:00:30]} Rf1 {[%clk 00:01:55]} {[%emt 00:00:18]} 77.
Rb6+ {[%clk 00:02:11]} {[%emt 00:00:10]} Kf5 {[%clk 00:01:48]} {[%emt
00:00:18]} 78. Rb8 {[%clk 00:02:11]} Kf6 {[%clk 00:01:48]} {[%emt 00:00:03]} 79.
Kh6 {[%clk 00:01:58]} {[%emt 00:00:23]} Kf7 {[%clk 00:01:48]} {[%emt 00:00:02]}
80. Kg5 {[%clk 00:01:58]} {[%emt 00:00:04]} Ra1 {[%clk 00:01:44]} {[%emt
00:00:15]} 81. Rb7+ {[%clk 00:01:58]} {[%emt 00:00:01]} Kf8 {[%clk 00:01:43]}
{[%emt 00:00:10]} 82. f5 {[%clk 00:01:58]} {[%emt 00:00:02]} Ra6 {[%clk
00:01:43]} {[%emt 00:00:09]} 83. h5 {[%clk 00:01:44]} {[%emt 00:00:22]} Rc6
{[%clk 00:01:43]} {[%emt 00:00:01]} 84. Ra7 {[%clk 00:01:44]} {[%emt 00:00:04]}
Kg8 {[%clk 00:01:43]} {[%emt 00:00:07]} 85. h6 {[%clk 00:01:32]} {[%emt
00:00:22]} Rc1 {[%clk 00:01:43]} {[%emt 00:00:01]} 86. Kg6 {[%clk 00:01:32]}
{[%emt 00:00:07]} Rg1+ {[%clk 00:01:43]} {[%emt 00:00:06]} 87. Kf6 {[%clk
00:01:32]} {[%emt 00:00:03]} Rf1 {[%clk 00:01:40]} {[%emt 00:00:14]} 88. Rg7+
{[%clk 00:01:08]} {[%emt 00:00:31]} Kh8 {[%clk 00:01:40]} {[%emt 00:00:03]} 89.
Ra7 {[%clk 00:01:01]} {[%emt 00:00:17]} Kg8 {[%clk 00:01:40]} {[%emt 00:00:01]}
90. Ra8+ {[%clk 00:00:51]} {[%emt 00:00:20]} Kh7 {[%clk 00:01:40]} {[%emt
00:00:01]} 91. Ke6 {[%clk 00:00:51]} {[%emt 00:00:04]} Re1+ {[%clk 00:01:24]}
{[%emt 00:00:28]} 92. Kf7 {[%clk 00:00:51]} {[%emt 00:00:09]} Rf1 {[%clk
00:01:24]} {[%emt 00:00:02]} 93. f6 {[%clk 00:00:32]} {[%emt 00:00:29]} Kxh6
{[%clk 00:00:25]} {[%emt 00:01:09]} 94. Ra2 {[%clk 00:00:32]} {[%emt 00:00:02]}
Rh1 {[%clk 00:00:14]} {[%emt 00:00:23]} 95. Kf8 {[%clk 00:00:09]} {[%emt
00:00:31]} Kg6 {[%clk 00:00:14]} {[%emt 00:00:09]} 96. f7 {[%clk 00:00:09]}
{[%emt 00:00:01]} Rf1 {[%clk 00:00:14]} {[%emt 00:00:01]} 97. Kg8 {[%clk
00:00:09]} {[%emt 00:00:09]} Rxf7 {[%clk 00:00:04]} {[%emt 00:00:21]} 98. Rg2+
{[%clk 00:00:09]} Kh5 {[%clk 00:00:04]} {[%emt 00:00:01]} 99. Kxf7 {[%clk
00:00:09]} {[%emt 00:00:03]} 1-0

[Event "2023 National K-12 Grade Championships"]
[Site "Orlando, Florida, United States"]
[Date "2023.12.17"]
[Round "7.6"]
[White "Levine, Joseph"]
[Black "Levine, Jack"]
[Result "1-0"]
[TimeControl "G/90;d10"]
[WhiteElo "2415"]
[BlackElo "2166"]

1. e4 {[%clk 01:30:00]} {[%emt 00:00:01]} c5 {[%clk 01:27:19]} {[%emt
00:02:52]} 2. Nf3 {[%clk 01:29:45]} {[%emt 00:00:25]} e6 {[%clk 01:27:19]}
{[%emt 00:00:09]} 3. d4 {[%clk 01:29:45]} {[%emt 00:00:03]} cxd4 {[%clk
01:27:19]} {[%emt 00:00:04]} 4. Nxd4 {[%clk 01:29:45]} {[%emt 00:00:05]} Nc6
{[%clk 01:27:19]} {[%emt 00:00:02]} 5. Nc3 {[%clk 01:29:45]} {[%emt 00:00:07]}
Qc7 {[%clk 01:27:19]} {[%emt 00:00:04]} 6. Be3 {[%clk 01:29:00]} {[%emt
00:00:54]} a6 {[%clk 01:27:19]} {[%emt 00:00:04]} 7. a3 {[%clk 01:29:00]}
{[%emt 00:00:05]} b5 {[%clk 01:27:09]} {[%emt 00:00:19]} 8. Nxc6 {[%clk
01:28:22]} {[%emt 00:00:48]} Qxc6 {[%clk 01:27:09]} {[%emt 00:00:06]} 9. Bd3
{[%clk 01:27:31]} {[%emt 00:01:01]} Bb7 {[%clk 01:25:37]} {[%emt 00:01:43]} 10.
Qd2 {[%clk 01:27:29]} {[%emt 00:00:13]} Nf6 {[%clk 01:20:25]} {[%emt 00:05:21]}
11. f3 {[%clk 01:24:58]} {[%emt 00:02:40]} b4 {[%clk 01:11:38]} {[%emt
00:08:58]} 12. Ne2 {[%clk 01:23:50]} {[%emt 00:01:17]} bxa3 {[%clk 01:10:19]}
{[%emt 00:01:31]} 13. bxa3 {[%clk 01:23:50]} {[%emt 00:00:06]} Qc7 {[%clk
01:05:29]} {[%emt 00:05:00]} 14. O-O {[%clk 01:13:19]} {[%emt 00:10:38]} d5
{[%clk 01:01:44]} {[%emt 00:03:57]} 15. e5 {[%clk 01:06:47]} {[%emt 00:06:42]}
Ne4 {[%clk 00:49:48]} {[%emt 00:12:06]} 16. Qe1 {[%clk 00:50:49]} {[%emt
00:16:07]} Nc5 {[%clk 00:27:22]} {[%emt 00:22:37]} 17. Qg3 {[%clk 00:46:11]}
{[%emt 00:04:47]} Bc6 {[%clk 00:23:27]} {[%emt 00:04:06]} 18. Nd4 {[%clk
00:42:14]} {[%emt 00:04:07]} g6 {[%clk 00:21:11]} {[%emt 00:02:26]} 19. h4
{[%clk 00:38:31]} {[%emt 00:03:52]} Nxd3 {[%clk 00:16:39]} {[%emt 00:04:43]} 20.
cxd3 {[%clk 00:37:52]} {[%emt 00:00:49]} Bb5 {[%clk 00:16:39]} {[%emt
00:00:04]} 21. Rfc1 {[%clk 00:34:08]} {[%emt 00:03:53]} Qd7 {[%clk 00:15:38]}
{[%emt 00:01:11]} 22. Rc3 {[%clk 00:31:51]} {[%emt 00:02:27]} Be7 {[%clk
00:14:09]} {[%emt 00:01:40]} 23. h5 {[%clk 00:21:34]} {[%emt 00:10:26]} Rc8
{[%clk 00:11:39]} {[%emt 00:02:41]} 24. Rxc8+ {[%clk 00:15:51]} {[%emt
00:05:52]} Qxc8 {[%clk 00:11:39]} {[%emt 00:00:01]} 25. Rc1 {[%clk 00:15:36]}
{[%emt 00:00:26]} Qd7 {[%clk 00:11:39]} 26. Rc3 {[%emt 00:04:22]} O-O {[%clk
00:10:29]} 27. hxg6 {[%clk 00:11:31]} {[%emt 00:01:23]} hxg6 {[%clk 00:10:01]}
{[%emt 00:00:38]} 28. Bg5 {[%clk 00:09:56]} {[%emt 00:01:45]} Bxg5 {[%clk
00:04:27]} {[%emt 00:05:43]} 29. Qxg5 {[%clk 00:09:56]} {[%emt 00:00:01]} Rc8
{[%clk 00:04:16]} {[%emt 00:00:21]} 30. Qc1 {[%clk 00:09:35]} {[%emt 00:00:31]}
Rxc3 {[%clk 00:03:24]} {[%emt 00:01:02]} 31. Qxc3 {[%clk 00:09:35]} Qa7 {[%clk
00:03:24]} {[%emt 00:00:03]} 32. Kf2 {[%clk 00:08:43]} {[%emt 00:01:03]} Qe7
{[%clk 00:02:40]} {[%emt 00:00:54]} 33. g3 {[%clk 00:05:45]} {[%emt 00:03:08]}
Qg5 {[%clk 00:02:34]} {[%emt 00:00:17]} 34. Ne2 {[%clk 00:05:13]} {[%emt
00:00:42]} Qf5 {[%clk 00:02:15]} {[%emt 00:00:29]} 35. Nc1 {[%clk 00:02:35]}
{[%emt 00:02:48]} g5 {[%clk 00:01:55]} {[%emt 00:00:29]} 36. g4 {[%clk
00:02:08]} {[%emt 00:00:37]} Qf4 {[%clk 00:01:45]} {[%emt 00:00:20]} 37. Ne2
{[%clk 00:01:57]} {[%emt 00:00:21]} Qh2+ {[%clk 00:01:45]} {[%emt 00:00:03]} 38.
Ke3 {[%clk 00:01:57]} {[%emt 00:00:02]} Kg7 {[%clk 00:01:40]} {[%emt 00:00:16]}
39. Qd4 {[%clk 00:01:31]} {[%emt 00:00:36]} a5 {[%clk 00:00:31]} {[%emt
00:01:20]} 40. Kd2 {[%clk 00:01:30]} {[%emt 00:00:11]} Qh7 {[%clk 00:00:12]}
{[%emt 00:00:29]} 41. Qe3 {[%clk 00:01:29]} {[%emt 00:00:11]} Qg6 {[%clk
00:00:12]} {[%emt 00:00:11]} 42. Ng3 {[%clk 00:01:27]} {[%emt 00:00:11]} Kh6
{[%clk 00:00:11]} {[%emt 00:00:11]} 43. Nh5 {[%clk 00:01:25]} {[%emt 00:00:13]}
a4 {[%clk 00:00:08]} {[%emt 00:00:13]} 44. Qd4 {[%clk 00:01:21]} {[%emt
00:00:14]} Ba6 {[%clk 00:00:08]} {[%emt 00:00:09]} 45. Qe3 {[%clk 00:01:20]}
{[%emt 00:00:10]} Bb5 {[%clk 00:00:08]} 46. Nf6 {[%clk 00:01:20]} {[%emt
00:00:07]} Kg7 {[%clk 00:00:08]} {[%emt 00:00:08]} 47. Kc3 {[%clk 00:01:20]}
{[%emt 00:00:10]} Ba6 {[%clk 00:00:08]} {[%emt 00:00:05]} 48. Ne8+ {[%clk
00:01:20]} {[%emt 00:00:09]} Kf8 {[%clk 00:00:08]} {[%emt 00:00:06]} 49. Nc7
{[%clk 00:01:20]} {[%emt 00:00:05]} Bc8 {[%emt 00:00:08]} 50. Qc5+ {[%clk
00:01:18]} {[%emt 00:00:11]} Kg7 {[%clk 00:00:08]} {[%emt 00:00:01]} 51. Ne8+
{[%clk 00:01:18]} {[%emt 00:00:03]} Kg8 {[%emt 00:00:14]} 1-0

[Event "2023 National K-12 Grade Championships"]
[Site "Orlando, Florida, United States"]
[Date "2023.12.17"]
[Round "7.7"]
[White "Jin, Derek"]
[Black "Muthukumar, Haari"]
[Result "0-1"]
[TimeControl "G/90;d10"]
[WhiteElo "2181"]
[BlackElo "2223"]

1. e4 {[%clk 01:30:00]} e6 {[%clk 01:30:00]} {[%emt 00:00:07]} 2. d4 {[%clk
01:30:00]} {[%emt 00:00:07]} d5 {[%clk 01:30:00]} {[%emt 00:00:08]} 3. Nd2
{[%clk 01:30:00]} {[%emt 00:00:03]} c5 {[%clk 01:30:00]} {[%emt 00:00:07]} 4.
exd5 {[%clk 01:29:54]} {[%emt 00:00:17]} Qxd5 {[%clk 01:28:22]} {[%emt
00:01:48]} 5. Ngf3 {[%clk 01:29:54]} {[%emt 00:00:02]} cxd4 {[%clk 01:28:22]}
{[%emt 00:00:07]} 6. Bc4 {[%clk 01:29:54]} {[%emt 00:00:05]} Qd6 {[%clk
01:28:22]} {[%emt 00:00:06]} 7. O-O {[%clk 01:29:54]} {[%emt 00:00:05]} Nf6
{[%clk 01:28:22]} {[%emt 00:00:03]} 8. Nb3 {[%clk 01:29:54]} {[%emt 00:00:05]}
Nc6 {[%clk 01:28:22]} {[%emt 00:00:03]} 9. Nbxd4 {[%clk 01:29:54]} {[%emt
00:00:09]} Nxd4 {[%clk 01:28:22]} {[%emt 00:00:05]} 10. Nxd4 {[%clk 01:29:54]}
{[%emt 00:00:09]} Be7 {[%clk 01:28:22]} {[%emt 00:00:05]} 11. c3 {[%clk
01:18:43]} {[%emt 00:11:22]} O-O {[%clk 01:27:20]} {[%emt 00:01:13]} 12. Qe2
{[%clk 01:08:35]} {[%emt 00:10:18]} e5 {[%clk 01:20:58]} {[%emt 00:06:32]} 13.
Nc2 {[%clk 00:54:41]} {[%emt 00:14:04]} Bg4 {[%clk 01:13:41]} {[%emt 00:07:26]}
14. Qe1 {[%clk 00:36:29]} {[%emt 00:18:22]} Qc7 {[%clk 01:06:50]} {[%emt
00:07:01]} 15. Ne3 {[%clk 00:35:53]} {[%emt 00:00:47]} Bh5 {[%clk 01:05:43]}
{[%emt 00:01:16]} 16. Nf5 {[%clk 00:27:39]} {[%emt 00:08:24]} Bc5 {[%clk
00:46:41]} {[%emt 00:19:12]} 17. Be2 {[%clk 00:27:39]} {[%emt 00:00:03]} Bg6
{[%clk 00:45:45]} {[%emt 00:01:04]} 18. Nh4 {[%clk 00:27:38]} {[%emt 00:00:12]}
Rfe8 {[%clk 00:43:18]} {[%emt 00:02:36]} 19. Nxg6 {[%clk 00:26:22]} {[%emt
00:01:26]} hxg6 {[%clk 00:43:18]} {[%emt 00:00:03]} 20. Bd1 {[%clk 00:24:39]}
{[%emt 00:01:53]} a5 {[%clk 00:39:28]} {[%emt 00:04:01]} 21. Be3 {[%clk
00:22:23]} {[%emt 00:02:26]} e4 {[%clk 00:37:03]} {[%emt 00:02:35]} 22. Kh1
{[%clk 00:17:53]} {[%emt 00:04:40]} Qb6 {[%clk 00:35:50]} {[%emt 00:01:22]} 23.
Bxc5 {[%clk 00:17:09]} {[%emt 00:00:55]} Qxc5 {[%clk 00:35:39]} {[%emt
00:00:22]} 24. Bc2 {[%clk 00:16:49]} {[%emt 00:00:30]} a4 {[%clk 00:32:41]}
{[%emt 00:03:07]} 25. Rc1 {[%clk 00:15:22]} {[%emt 00:01:37]} e3 {[%clk
00:30:36]} {[%emt 00:02:16]} 26. h3 {[%clk 00:09:59]} {[%emt 00:05:32]} e2
{[%clk 00:27:27]} {[%emt 00:03:19]} 27. Rg1 {[%clk 00:09:59]} {[%emt 00:00:01]}
Qh5 {[%clk 00:21:10]} {[%emt 00:06:28]} 28. f3 {[%clk 00:08:29]} {[%emt
00:01:40]} Qe5 {[%clk 00:20:47]} {[%emt 00:00:33]} 29. Qf2 {[%clk 00:07:48]}
{[%emt 00:00:51]} Nh5 {[%clk 00:19:20]} {[%emt 00:01:37]} 30. Rge1 {[%clk
00:07:48]} {[%emt 00:00:02]} Nf4 {[%clk 00:17:24]} {[%emt 00:02:06]} 31. g3
{[%clk 00:05:47]} {[%emt 00:02:11]} Nxh3 {[%clk 00:15:04]} {[%emt 00:02:31]} 32.
Qh2 {[%clk 00:05:47]} Ng5 {[%clk 00:13:40]} {[%emt 00:01:34]} 33. f4 {[%clk
00:05:47]} {[%emt 00:00:03]} Qd5+ {[%clk 00:13:28]} {[%emt 00:00:21]} 34. Qg2
{[%clk 00:05:47]} {[%emt 00:00:03]} Nf3 {[%clk 00:13:15]} {[%emt 00:00:22]} 35.
f5 {[%clk 00:03:44]} {[%emt 00:02:13]} gxf5 {[%clk 00:09:46]} {[%emt 00:03:39]}
36. Rxe2 {[%clk 00:03:44]} Rxe2 37. Qxe2 {[%clk 00:03:44]} Ra6 {[%clk
00:07:26]} {[%emt 00:01:41]} 38. Qe8+ {[%clk 00:03:44]} {[%emt 00:00:01]} Kh7
{[%clk 00:07:26]} {[%emt 00:00:02]} 39. Rd1 {[%clk 00:03:44]} Rh6+ {[%clk
00:07:06]} {[%emt 00:00:31]} 40. Kg2 {[%clk 00:03:44]} Nd2+ {[%clk 00:05:46]}
{[%emt 00:01:30]} 41. Kf2 {[%clk 00:03:44]} {[%emt 00:00:04]} Rh2+ {[%clk
00:04:55]} {[%emt 00:00:59]} 42. Ke3 {[%clk 00:03:44]} {[%emt 00:00:02]} Nc4+
{[%clk 00:04:24]} {[%emt 00:00:41]} 43. Kf4 {[%clk 00:03:44]} {[%emt 00:00:03]}
Rf2+ {[%clk 00:04:00]} {[%emt 00:00:33]} 44. Kg5 {[%clk 00:03:44]} {[%emt
00:00:02]} f6+ {[%clk 00:03:52]} {[%emt 00:00:17]} 45. Kh4 {[%clk 00:03:44]}
{[%emt 00:00:04]} Rh2# {[%clk 00:03:52]} 0-1